000 00319nam a2200133Ia 4500
005 20251222153543.0
008 251222s9999||||xx |||||||||||||| ||spa||
082 _a616.852.6/A59
100 _aAndrier, Nathalie
245 0 _aDerecho de las Mujeres:
250 _a1ra.ed.
264 _bJurídica Grijley
942 _cLIB
999 _c30525
_d30525